000 00382nam a22001697a 4500
005 20260508114846.0
008 160521b xxu||||| |||| 00| 0 eng d
020 _a978-81-317-1104-0
041 _aeng
082 _a658.4034
100 _aHamdy A. Taha
_9955
245 _aOperations Research
260 _bPearsons
_c2009
300 _a764
650 _aManagement
942 _cBK
999 _c1304
_d1304